| 000 | 00588nam a2200193 i 4500 | ||
|---|---|---|---|
| 001 | 42996 | ||
| 003 | ES-MaACL | ||
| 005 | 20250830055942.0 | ||
| 007 | t| | ||
| 008 | 030314s1974 sp ||||1| spa d | ||
| 100 | 1 |
_aCencillo, Luis. _937397 |
|
| 245 | 1 | 0 |
_aLíbido, terapia y ética _b: conflictividad ética del psicoanálisis / _cLuis Cencillo. |
| 260 |
_aEstella : _bVerbo Divino, _c1974. |
||
| 300 |
_a282 p. ; _c19 cm. |
||
| 490 | 1 | _aConciencia y revolución | |
| 830 | 0 | 0 |
_aConciencia y revolución _9182308 |
| 852 |
_aES-MaACL _jL-2355 _bR.103326 |
||
| 999 |
_c42996 _d42996 |
||